|
|
|
|
| LEADER |
00000cac a2200000 i 4500 |
| 003 |
Ucuenca |
| 005 |
20230308205712.0 |
| 006 |
a||||gr|||| 001 | |
| 007 |
ta |
| 008 |
989112|1987 ec gr|||||001|||spa a |
| 040 |
|
|
|b spa
|a UCuenca-cdrjbv
|c UCuenca
|e rda
|
| 041 |
0 |
|
|a spa
|
| 082 |
0 |
|
|2 22
|a 320
|c 44846
|
| 100 |
1 |
|
|a Sonntag, Heinz R.
|9 44054
|e autor
|
| 245 |
1 |
0 |
|a Ciencias sociales y política en América Latina /
|c Heinz R., Sonntag.
|
| 250 |
|
|
|a Primera edición.
|
| 264 |
|
1 |
|a Quito:
|b ILDIS,
|c 1987.
|
| 300 |
|
|
|a 105 páginas:
|c 21 cm
|
| 336 |
|
|
|2 rdacontent
|a texto
|b txt
|
| 337 |
|
|
|2 rdamedia
|a no mediado
|b n
|
| 338 |
|
|
|2 rdacarrier
|a volumen
|b nc
|
| 490 |
0 |
|
|a Cuadernos de discusión,
|v números 2
|
| 504 |
|
|
|a incl. ref.
|
| 650 |
1 |
7 |
|2 UCuenca-cdrjbv
|a Ciencia política
|9 8811
|
| 650 |
2 |
7 |
|a Política
|2 UCuenca-cdrjbv
|z América Latina
|9 250383
|
| 852 |
|
|
|a UC-CDJBV
|
| 942 |
|
|
|c CR
|2 ddc
|r vanessa.morales@ucuenca.edu.ec
|
| 999 |
|
|
|c 112512
|d 112512
|